Production & Operations Management (Record no. 112)

MARC details
000 -LEADER
fixed length control field 00356nam a2200145Ia 4500
008 - FIXED-LENGTH DATA ELEMENTS--GENERAL INFORMATION
fixed length control field 221030s9999 xx 000 0 und d
020 ## - INTERNATIONAL STANDARD BOOK NUMBER
ISBN 8178665034
082 ## - DEWEY DECIMAL CLASSIFICATION NUMBER
Classification number 105.23
Item number Chu
100 ## - MAIN ENTRY--AUTHOR NAME
Personal name S N Chary
245 #0 - TITLE STATEMENT
Title Production & Operations Management
260 ## - PUBLICATION, DISTRIBUTION, ETC. (IMPRINT)
Name of publisher Himalaya Pub House
Place of publication Mumbai
Year of publication 2004
300 ## - PHYSICAL DESCRIPTION
Number of Pages 720
650 ## - SUBJECT ADDED ENTRY--TOPICAL TERM
Topical Term Management
942 ## - ADDED ENTRY ELEMENTS (KOHA)
Koha item type Books
Source of classification or shelving scheme Dewey Decimal Classification
Holdings
Accession Number Full call number Price effective from Koha item type Withdrawn / writtenoff status Materials specified (bound volume or other part) Damaged status Not for loan Permanent Location Current Location Shelving location Date acquired Lost/ Missing status department
MBA 835 105.23 Chu 10/30/2022 Books   Print     MIET Library, Jammu MIET Library, Jammu BL-Second, FL-1, CUP-63, SH-2, R-2 03/18/2006   MBA